| 000 | 00759nam a22002537a 4500 | ||
|---|---|---|---|
| 005 | 20220516115355.0 | ||
| 008 | 220120b ||||| |||| 00| 0 eng d | ||
| 020 | _a0201108208 | ||
| 040 | _cAL | ||
| 041 | _aeng | ||
| 082 |
_223 _a658.11 _bCARM |
||
| 100 |
_aJon E Carson _937220 |
||
| 245 | _aMaking College Pay: How to Earn Money While You're Still in School | ||
| 260 |
_aMasachusets _bAddison Wesley Publishing Company _c1983 |
||
| 300 |
_ax,229 p. _bPB _c21x13 cm. |
||
| 650 |
_aManagement _913856 |
||
| 650 |
_aNew Business Enterprises _913857 |
||
| 650 |
_aStudent Business _913858 |
||
| 650 |
_aMarketing _913859 |
||
| 650 |
_aGetting a Job _913860 |
||
| 650 |
_aKeys to Success _913861 |
||
| 700 |
_aCARSON (Jon E) _913862 |
||
| 942 |
_2ddc _cGF |
||
| 999 |
_c221258 _d221258 |
||